<?xml version="1.0" encoding="UTF-8"?>
<collection xmlns="http://www.loc.gov/MARC21/slim">
 <record>
  <leader>00518nam a22001695a 4500</leader>
  <controlfield tag="001">EUN.um003893</controlfield>
  <controlfield tag="003">AR-BaUNS</controlfield>
  <controlfield tag="005">20050623122851.0</controlfield>
  <controlfield tag="008">041125s1951####ag############000#0#spa#d</controlfield>
  <datafield tag="245" ind1="1" ind2="3">
   <subfield code="a">El ser y la esencia /</subfield>
   <subfield code="c">Etienne Gilson.</subfield>
  </datafield>
  <datafield tag="260" ind1=" " ind2=" ">
   <subfield code="a">Buenos Aires :</subfield>
   <subfield code="b">Desclée de Brouwer,</subfield>
   <subfield code="c">1951.</subfield>
  </datafield>
  <datafield tag="300" ind1=" " ind2=" ">
   <subfield code="a">305 p.</subfield>
  </datafield>
  <datafield tag="100" ind1="1" ind2=" ">
   <subfield code="a">Gilson, Etienne.</subfield>
  </datafield>
  <datafield tag="082" ind1="0" ind2="4">
   <subfield code="a">111</subfield>
  </datafield>
  <datafield tag="653" ind1=" " ind2=" ">
   <subfield code="a">Ontologia</subfield>
  </datafield>
  <datafield tag="859" ind1=" " ind2=" ">
   <subfield code="a">Ar-BaUNS</subfield>
   <subfield code="b">BIB. CENTRAL - Sector A</subfield>
   <subfield code="h">111</subfield>
   <subfield code="i">G428</subfield>
   <subfield code="p">2931/956</subfield>
  </datafield>
  <datafield tag="859" ind1=" " ind2=" ">
   <subfield code="a">Ar-BaUNS</subfield>
   <subfield code="b">BIB. CENTRAL - Sector A</subfield>
   <subfield code="h">111</subfield>
   <subfield code="i">G428</subfield>
   <subfield code="p">939/952</subfield>
   <subfield code="t">Ej.2</subfield>
  </datafield>
 </record>
</collection>
